[Event "HCL-B3718"]
[Site "www.playchess.de"]
[Date "2006.01.03"]
[Round "10"]
[White "GCP"]
[Black "aussie"]
[WhiteElo "1538"]
[BlackElo "1041"]
[PlyCount "162"]
[Result "0-1"]

1.e4 {hello from Rome , have a good game}  Nc6 
2.d4 e6 3.Nf3 b6 4.Bd3 Bb7 5.Qe2 g6 6.c3 Nf6 7.O-O 
Bg7 8.Bg5 O-O 9.e5 h6 10.Bxf6 Bxf6 11.exf6 Qxf6 
12.Nbd2 d5 13.Qe3 Kg7 14.Rfe1 Ne7 15.Nf1 Nf5 
16.Bxf5 Qxf5 17.Qe5+ Qxe5 18.Nxe5 Rad8 19.Ng3 a5 
20.a3 f6 21.Nd3 Bc8 22.b4 a4 23.b5 Bb7 24.Rxe6 Bc8 
25.Re7+ Rf7 26.Rxf7+ Kxf7 27.Kf1 Bd7 28.Rb1 h5 
29.Nf4 h4 30.Nge2 Bf5 31.Rb4 g5 32.Nh3 Bd3 33.Ke1 
Re8 34.Nhg1 Be4 35.f3 Bd3 36.Kd2 Bc4 37.Nc1 Re6 
38.Nd3 Ke7 39.Rb1 Kd6 40.Ne2 Kd7 41.Rb4 Kd6 
{(offering draw)}  42.Nec1 Re8 43.Nb2 Bf1 44.g3 
hxg3 45.hxg3 f5 46.Nxa4 Bg2 47.f4 g4 48.Nb2 Rh8 
49.Ne2 Rh2 50.Nd3 Bf3 51.Ndc1 Rg2 52.Ke3 Ke6 
53.Rb2 Kd6 54.a4 Kd7 55.Rd2 Rh2 56.Rd1 Kd6 57.Re1 
Rh3 58.Rg1 Rh2 59.Rf1 Ke6 60.Rd1 Rg2 61.Rd2 Kd6 
62.Nd3 Bxe2 63.Rxe2 Rxg3+ 64.Kd2 Rg1 65.Nb4 Ra1 
66.Re5 g3 67.Re2 Rh1 68.Rg2 Rh2 69.Ke3 Rxg2 70.Kf3 
Rg1 71.Nc2 Rc1 72.Ne3 Rxc3 73.Ke2 Ke6 74.Ng2 Rc4 
75.Kf3 Rxa4 76.Kxg3 Rxd4 77.Kh4 Rb4 78.Kg5 Rxb5 
79.Ne3 d4 80.Nc4 d3 81.Ne3 d2 0-1

[Event "HCL-A2544"]
[Site "www.playchess.de"]
[Date "2006.01.03"]
[Round "16"]
[White "lunchpail"]
[Black "ippuli"]
[WhiteElo "1315"]
[BlackElo "1606"]
[PlyCount "42"]
[Result "0-1"]

1.d4 Nf6 {Hello! Good luck..}  2.Nd2 {hello from 
canada!}  e5 {Greetings from Oulu, Finland....}  
3.e3 exd4 4.exd4 Be7 5.Ngf3 O-O 6.Bd3 d5 7.O-O Nc6 
8.c3 Bg4 9.Qb3 Ne4 10.Nxe4 Bxf3 11.gxf3 dxe4 
12.fxe4 Bd6 13.f4 Qh4 14.e5 Qg4+ 15.Kh1 Be7 
16.Qxb7 Qe6 17.f5 Qd5+ 18.Kg1 Rab8 19.Qa6 Nxe5 
20.dxe5 Bc5+ {:)}  21.Rf2 {nice}  Qf3 
{Sometimes...}  0-1

[Event "HCL-A2528"]
[Site "www.playchess.de"]
[Date "2006.01.03"]
[Round "5"]
[White "MimiSiku"]
[Black "guanzi"]
[WhiteElo "1494"]
[BlackElo "1625"]
[PlyCount "77"]
[Result "1/2-1/2"]

1.e4 {Hi again! Hope, this match will be more 
successfull for me...}  c6 {Good luck then and 
have a nice game.}  2.d4 d5 3.Nc3 dxe4 4.Nxe4 Nf6 
5.Nxf6+ gxf6 6.Nf3 Bg4 7.Be2 e6 8.h3 Bh5 9.Bf4 Bd6 
10.Bxd6 Qxd6 11.Qd3 Nd7 12.O-O-O O-O-O 13.Kb1 Nb6 
14.Nh4 Bxe2 15.Qxe2 Na4 16.Rd3 a6 17.Rhd1 Rd7 
18.c4 Qf4 19.g3 Qg5 20.c5 Rhd8 21.Nf3 Qf5 22.g4 
Qg6 23.Ka1 Nxc5 24.Ra3 e5 25.Rc1 exd4 26.Rxc5 d3 
27.Qd1 Qe4 28.Rac3 Qe2 29.Qxe2 dxe2 30.Ne1 R7d1+ 
31.R3c1 Kc7 32.Kb1 R8d4 33.f3 Kd6 34.R5c2 R4d2 
35.Rxd2+ Rxd2 36.f4 Kd5 37.Rc2 Rd1+ 38.Rc1 Rd2 
39.Nf3 {(offering draw)}  1/2-1/2

[Event "HCL-E1521"]
[Site "www.playchess.de"]
[Date "2006.01.03"]
[Round "1"]
[White "Eishockeytorwart"]
[Black "tuGGy"]
[WhiteElo "1944"]
[BlackElo "1522"]
[PlyCount "33"]
[Result "1-0"]

1.e4 {welcome from Germany}  d5 2.exd5 Nf6 3.Bb5+ 
Bd7 4.Bc4 b5 5.Bb3 c5 6.d3 Bg4 7.f3 Bh5 8.Nc3 Qb6 
9.Nge2 Nbd7 10.Nf4 Bg6 11.Be3 Rc8 12.O-O a6 13.a4 
Ne5 14.axb5 {merry Christmas}  axb5 15.Nxb5 Qxb5 
16.Ba4 Qxa4 17.Rxa4 1-0

[Event "HCL-C3945"]
[Site "www.playchess.de"]
[Date "2006.01.03"]
[Round "2"]
[White "Grunert"]
[Black "cla114"]
[WhiteElo "968"]
[BlackElo "906"]
[PlyCount "85"]
[Result "1-0"]

1.e4 e5 2.d3 Nc6 3.Nf3 Nf6 4.h3 Bc5 5.Be2 O-O 
6.O-O Nb4 7.a3 Nc6 8.b4 Bd4 9.Ra2 d5 10.exd5 Nxd5 
11.Bb2 Bf5 12.Bxd4 Nxd4 13.Nxd4 exd4 14.Bf3 Nc3 
15.Nxc3 dxc3 16.Bxb7 Rb8 17.Bf3 Qg5 18.Bg4 Rbd8 
19.Bxf5 Qxf5 20.Ra1 Rd4 21.Qe2 Qe6 22.Qxe6 fxe6 
23.Rfe1 Rd6 24.Re4 Rd5 25.Rc4 Rdf5 26.Rxc3 R5xf2 
27.Rxc7 a6 28.Re1 R2f6 29.Rc6 e5 {?}  30.Rxf6 Rxf6 
31.Rxe5 Rc6 32.c4 Rd6 33.Ra5 g6 34.c5 Rxd3 35.Rxa6 
Re3 {(offering draw)}  36.c6 Rc3 37.b5 Rb3 38.c7 
Rc3 39.Rc6 Rxa3 40.c8Q+ Kf7 41.Qe6+ Kg7 42.Qe7+ 
Kh6 43.Qxa3 1-0

[Event "HCL-M872"]
[Site "www.playchess.de"]
[Date "2006.01.03"]
[Round "1"]
[White "slimsboy"]
[Black "Ezechiel"]
[WhiteElo "1901"]
[BlackElo "1786"]
[PlyCount "31"]
[Result "1-0"]

1.e4 {Aloha again, good luck!}  e6 {Hi Slimsboy - 
I didn't notice you are from Hawaii. How's the 
weather around christmas?}  2.d4 {Highs of 80, 
clear skys. Around Christmas we usually get some 
rain.}  c5 {+2 Celsius, some rain, dark, windy, 
AAARGH!}  3.Nf3 {Yes, but you guys (Germans) make 
the best beer. I'd trade some of this weather for 
beer. :o)}  Nf6 4.e5 Nd5 5.c4 Nb6 6.Nc3 cxd4 
7.Qxd4 Nc6 8.Qg4 h5 9.Qg3 d5 10.exd6 Qxd6 11.Bf4 
Qb4 12.O-O-O Nxc4 13.Bxc4 Qxc4 14.Ne5 Nxe5 15.Bxe5 
f6 16.Qg6+ {Merry Christmas!}  1-0

[Event "ACL-M065"]
[Site "www.playchess.de"]
[Date "2006.01.03"]
[Round "25"]
[White "chessnuts"]
[Black "michail"]
[WhiteElo "1861"]
[BlackElo "1925"]
[PlyCount "81"]
[Result "1-0"]

1.d4 {Hi.. good game}  Nf6 {hello and good game}  
2.c4 e6 3.Nc3 Bb4 4.e3 O-O 5.Bd3 d5 6.Nf3 b6 
7.cxd5 exd5 8.O-O Bb7 9.Bd2 c5 10.a3 Bxc3 11.Bxc3 
c4 12.Bc2 Nc6 13.Ne5 Re8 14.Qf3 Qe7 15.Rfd1 Rad8 
16.Qg3 g6 17.Rac1 a6 18.Qf4 Nxe5 19.dxe5 Nd7 
20.Bd4 Nc5 21.Qg3 Qe6 22.f4 Ne4 23.Bxe4 dxe4 
24.Rdf1 Kh8 25.Qg5 b5 26.f5 gxf5 27.Rxf5 Reg8 
28.Qh5 Qg6 29.Qxg6 fxg6 30.Rf7 Bc8 31.e6+ Rxd4 
32.exd4 Bxe6 33.Ra7 Bf5 34.Rxa6 Rd8 35.a4 Rxd4 
36.axb5 Kg7 37.b6 Rd2 38.b3 Rb2 39.bxc4 e3 40.Re1 
Be4 41.Rxe3 1-0

[Event "HCL-M867"]
[Site "www.playchess.de"]
[Date "2006.01.03"]
[Round "10"]
[White "randa"]
[Black "RedBishop"]
[WhiteElo "2292"]
[BlackElo "2176"]
[PlyCount "67"]
[Result "1-0"]

1.e4 {hi from Plze&#328;, Czech rep. Good luck!}  
e6 {Hi from Utrecht Holland. Good luck too!}  2.d4 
d5 3.e5 c5 4.Qg4 cxd4 5.Nf3 Nc6 6.Bd3 Qc7 7.O-O 
Nge7 8.Re1 Ng6 9.Qg3 Bd7 10.a3 O-O-O 11.c3 Be7 
12.cxd4 Qb6 13.Be3 Qxb2 14.Nbd2 Qc3 15.Be2 Bxa3 
16.Ra2 Bb4 17.Rb1 Nge7 18.Qf4 Nf5 19.Nf1 Be7 20.h4 
Nxh4 21.Nxh4 g5 22.Qxf7 Rdf8 23.Qh5 gxh4 24.Bb5 a6 
25.Bxc6 Bxc6 26.Qd1 Qc4 27.Rc2 Qa4 28.Rxc6+ Qxc6 
29.Rc1 Qxc1 30.Bxc1 b5 31.Ne3 Rhg8 {All the best 
in 2006!}  32.Qc2+ Kd7 33.Qa2 Rfa8 
34.Nxd5 1-0

[Event "HCL-A2508"]
[Site "www.playchess.de"]
[Date "2006.01.03"]
[Round "11"]
[White "pawnstorm"]
[Black "taroak"]
[WhiteElo "1502"]
[BlackElo "1399"]
[PlyCount "60"]
[Result "0-1"]

1.e4 c5 2.Nf3 g6 3.d3 Bg7 4.g3 d6 5.Bg2 Nc6 6.O-O 
e5 7.c3 Nge7 8.Be3 O-O 9.Qd2 f5 10.Bh6 d5 11.Bxg7 
Kxg7 12.exf5 Nxf5 13.Na3 Rb8 14.Nc2 b6 15.a3 Ba6 
16.Rfe1 Qd6 17.b4 Rbe8 18.a4 cxb4 19.cxb4 Nfd4 
20.Nfxd4 Nxd4 21.Nxd4 exd4 22.b5 Bc8 23.Qb2 Qf6 
24.Bxd5 Bh3 25.Bg2 Bxg2 26.Kxg2 Qf3+ 27.Kg1 Rec8 
28.Qxd4+ Kg8 29.Ra2 Rc5 30.Re7 
Rc1+ 0-1

[Event "HCL-B3808"]
[Site "www.playchess.de"]
[Date "2006.01.03"]
[Round "5"]
[White "azary"]
[Black "djpnola"]
[WhiteElo "1201"]
[BlackElo "1173"]
[PlyCount "35"]
[Result "1-0"]

1.d4 d5 {Hello again.}  2.Nf3 Nc6 3.e3 Bg4 4.Be2 
Nf6 5.Nc3 e6 6.h3 Bxf3 7.Bxf3 Bb4 8.Bd2 O-O 9.a3 
Bxc3 10.Bxc3 Ne4 11.Bxe4 dxe4 12.Qh5 e5 13.dxe5 f6 
14.exf6 gxf6 15.Qg4+ Kh8 16.Rd1 Qe7 17.Rd7 Qc5 
18.Qg7+ 1-0

[Event "HCL-M867"]
[Site "www.playchess.de"]
[Date "2006.01.03"]
[Round "9"]
[White "RedBishop"]
[Black "Dailos"]
[WhiteElo "2176"]
[BlackElo "2119"]
[PlyCount "67"]
[Result "1/2-1/2"]

1.Nc3 {Hi, nice to meet you here!}  d5 {Same for 
me}  2.e4 c6 3.d4 dxe4 4.f3 exf3 5.Nxf3 Bg4 6.Be2 
e6 7.O-O Nf6 8.Bg5 Be7 9.h3 Bh5 10.Qd2 Nbd7 11.Bd3 
Qc7 12.Bf4 Bd6 13.Bxd6 Qxd6 14.Qe3 Bxf3 15.Rxf3 
O-O-O 16.Ne2 e5 17.Rd1 Kb8 18.Rff1 Rhe8 19.Qg3 g6 
20.c3 Re6 21.Bc4 Nh5 22.Qh4 Rf6 23.Bxf7 Rf8 24.Bb3 
R6xf1+ 25.Rxf1 Rxf1+ 26.Kxf1 Nhf6 27.dxe5 Nxe5 
28.Qd4 Qxd4 29.Nxd4 Nd3 30.Ke2 Nxb2 31.Kd2 c5 
32.Ne6 {All the best in 2006!}  c4 {Same to you}  
33.Bc2 Kc8 34.Kc1 {(offering draw)} 
 1/2-1/2

[Event "HCL-A2503"]
[Site "www.playchess.de"]
[Date "2006.01.03"]
[Round "13"]
[White "taroak"]
[Black "Jule"]
[WhiteElo "1425"]
[BlackElo "1416"]
[PlyCount "61"]
[Result "1-0"]

1.f4 d5 2.Nf3 c5 3.e3 Nf6 4.b3 g6 5.Bb2 Bg7 6.Bb5+ 
Bd7 7.Bxd7+ Nbxd7 8.O-O O-O 9.d3 e6 10.Nbd2 Ng4 
11.Bxg7 Kxg7 12.Qe2 Ndf6 13.h3 Nh6 14.g4 Ne8 
15.Ng5 Qd7 16.e4 dxe4 17.Ndxe4 Qd4+ 18.Kh2 Nf6 
19.Rad1 Nxe4 20.dxe4 Qf6 21.e5 Qe7 22.Rf3 f6 
23.exf6+ Rxf6 24.Qe5 Re8 25.Rfd3 Qf8 26.Ne4 Ng8 
27.g5 h6 28.R3d7+ Re7 29.Nxf6 Nxf6 30.gxf6+ Qxf6 
31.Rxe7+ 1-0

[Event "HCL-A2508"]
[Site "www.playchess.de"]
[Date "2006.01.03"]
[Round "12"]
[White "taroak"]
[Black "Hort_BR"]
[WhiteElo "1399"]
[BlackElo "1748"]
[PlyCount "42"]
[Result "0-1"]

1.e4 {Good Luck}  c5 {GL}  2.Nf3 Nc6 3.d4 {Thanks 
You too}  cxd4 4.Nxd4 g6 5.Nc3 Bg7 6.Be3 Nf6 7.f3 
O-O 8.Bc4 Qb6 9.Bb3 Ng4 10.Nd5 Nxe3 11.Nxb6 Bxd4 
12.Qe2 Bxb6 13.Kd2 Na5 14.h4 Nxb3+ 15.axb3 d5 
16.exd5 Nxd5 17.Qe4 Bf5 18.Qe2 Rfd8 19.Ke1 Ne3 
20.Rc1 Rac8 21.c4 Bd3 0-1

[Event "ACL-T167"]
[Site "www.playchess.de"]
[Date "2006.01.03"]
[Round "12"]
[White "Goofy"]
[Black "sparpaket"]
[WhiteElo "1923"]
[BlackElo "1500"]
[PlyCount "97"]
[Result "1-0"]

1.e4 c6 2.d4 d5 3.e5 Bf5 4.Nf3 Qb6 5.Bd3 Bxd3 
6.Qxd3 e6 7.O-O Qa6 8.Qb3 Nd7 9.Be3 Ne7 10.Nbd2 
Nf5 11.c4 Be7 12.cxd5 cxd5 13.Rfc1 O-O 14.Rc7 Nb6 
15.Rac1 Rac8 16.R7xc8 Rxc8 17.Rxc8+ Nxc8 18.Qc2 
Qc6 19.Ne1 Nb6 20.b3 Bb4 21.Qxc6 bxc6 22.Ndf3 a5 
23.Nc2 Bc3 24.Bd2 Bxd2 25.Nxd2 a4 26.g4 Ne7 27.Nb4 
Kf8 28.f4 Ke8 29.Kf2 Kd7 30.Na6 Nec8 31.Nc5+ Ke7 
32.bxa4 f6 33.a5 Nd7 34.Nxd7 Kxd7 35.Nb3 f5 
36.Nc5+ Ke7 37.Kg3 g6 38.a4 Na7 39.g5 Nc8 40.Kf3 
Kf7 41.Ke3 Ne7 42.Nb7 Ke8 43.a6 Nc8 44.Nd6+ Kd7 
45.Nxc8 Kxc8 46.Kd3 Kb8 47.Kc3 Ka7 48.Kb4 Kxa6 
49.Kc5 1-0

[Event "HCL-B3734"]
[Site "www.playchess.de"]
[Date "2006.01.03"]
[Round "23"]
[White "epenz"]
[Black "adamant"]
[WhiteElo "983"]
[BlackElo "1251"]
[PlyCount "95"]
[Result "1-0"]

1.e4 {hi}  e5 2.Nf3 Nc6 3.Bb5 d6 4.h3 f6 5.d3 Be6 
6.O-O Nge7 7.Be3 d5 8.Bd2 d4 9.c3 a6 10.Ba4 b5 
11.Bb3 Qd7 12.cxd4 Nxd4 13.Bxe6 Qxe6 14.Ba5 Ra7 
15.Nbd2 Nec6 16.Bc3 Bc5 17.b4 Bb6 18.a3 O-O 19.Rc1 
f5 20.Nxd4 Bxd4 21.Nf3 fxe4 22.dxe4 a5 23.Bxd4 
exd4 24.Re1 axb4 25.axb4 Nxb4 26.Qxd4 Ra4 27.Rxc7 
Nc2 28.Rxc2 Rxd4 29.Nxd4 Qb6 30.Nc6 Rf6 31.Ne7+ 
Kf7 32.Nd5 Qa5 33.Rcc1 Re6 34.f3 Qa7+ 35.Kh1 Qa4 
36.Rca1 Qc2 37.Rec1 Qd2 38.Rc7+ Kg6 39.Kh2 Qd4 
40.Rcc1 Qe5+ 41.g3 Re8 42.Rab1 Rb8 43.h4 Qd6 
44.Kh3 b4 45.Nf4+ Kf7 46.Rcd1 Qc5 47.Nd3 Qc4 
48.Ne5+ 1-0

[Event "HCL-B3805"]
[Site "www.playchess.de"]
[Date "2006.01.03"]
[Round "4"]
[White "dynamike"]
[Black "newplayer"]
[WhiteElo "1479"]
[BlackElo "1088"]
[PlyCount "77"]
[Result "1-0"]

1.e4 d5 2.exd5 Qxd5 3.Nc3 Qe6+ 4.Nge2 Nc6 5.d4 Nb4 
6.Bf4 c6 7.g3 Qg6 8.Rc1 Nd5 9.Nxd5 cxd5 10.Be5 f6 
11.Bc7 Qe4 12.Rg1 g5 13.Bg2 Qe6 14.Kf1 b6 15.c4 
Bb7 16.f4 Rc8 17.Bxd5 Bxd5 18.cxd5 Qe3 19.Rc3 Qe4 
20.Qd2 Qxd5 21.fxg5 e6 22.a3 fxg5 23.Be5 Rxc3 
24.Qxc3 Be7 25.Bxh8 Bf6 26.Bxf6 Nxf6 27.Qc8+ Qd8 
28.Qxe6+ Qe7 29.Qxe7+ Kxe7 30.h4 gxh4 31.gxh4 h5 
32.Rg7+ Ke6 33.Rxa7 Kd5 34.Rf7 Ng4 35.Rf5+ Kc4 
36.Rxh5 Kb3 37.Rb5+ Kc2 38.Rxb6 Ne3+ 
39.Kf2 1-0

[Event "HCL-C4035"]
[Site "www.playchess.de"]
[Date "2006.01.03"]
[Round "7"]
[White "IRONMAIDEN"]
[Black "garden"]
[WhiteElo "1469"]
[BlackElo "1034"]
[PlyCount "77"]
[Result "1-0"]

1.e4 {hi!
}  e5 {hi from Sao Paulo Brazil!}  2.Nc3 Nc6 3.Bb5 
Nd4 4.Nf3 a6 5.Bc4 Nh6 6.d3 b5 7.Bb3 Bb4 8.Nxe5 
Bxc3+ 9.bxc3 Nxb3 10.cxb3 d6 11.Nc6 Qf6 12.Qd2 Bd7 
13.Nd4 c5 14.Nf3 Bg4 15.Ng5 b4 16.O-O bxc3 17.Qf4 
c2 18.Qxf6 gxf6 19.Nf3 Bxf3 20.gxf3 f5 21.Bxh6 
Rg8+ 22.Kh1 Rg6 23.Bf4 Ke7 24.Rac1 h5 25.Rxc2 Ke6 
26.Rcc1 h4 27.Rfg1 h3 28.Rg5 fxe4 29.fxe4 Rf6 
30.Be3 Rd8 31.f4 Kd7 32.Rcg1 Rg6 33.R5xg6 fxg6 
34.Rxg6 Kc6 35.f5 Rf8 36.Rh6 Rg8 37.Rxh3 Rg2 38.f6 
Rxa2 39.f7 1-0

[Event "HCL-B3758"]
[Site "www.playchess.de"]
[Date "2006.01.03"]
[Round "6"]
[White "nichju"]
[Black "klaus_mueller"]
[WhiteElo "884"]
[BlackElo "1426"]
[PlyCount "108"]
[Result "0-1"]

1.e4 d5 {Hallo Jürgen, viel Spass und Spannung. 
Wir sehen uns am Donnerstag ?
Grüße
Klaus}  2.exd5 {Hallo Klaus, jetzt "duellieren" 
wir uns schon aus der Ferne. Ich komme am 
Donnerstag erst später dazu. Habe eine 
Parallelveranstaltung im Bürgerhaus. Gruß Jürgen}  
Qxd5 3.Nc3 Qa5 4.d4 Nf6 5.Bd2 c6 6.Nf3 Bf5 7.Bc4 
e6 8.O-O Qc7 9.Re1 Bd6 10.d5 cxd5 11.Bxd5 O-O 
12.Bg5 Nxd5 13.Nxd5 exd5 14.Qxd5 Bg6 15.Re2 h6 
16.Bd2 Nc6 17.c4 Rad8 18.Rae1 Bxh2+ {Schach :-)}  
19.Nxh2 Rxd5 20.cxd5 Nd4 21.R2e8 Qd6 22.Ng4 Qxd5 
23.Bxh6 Qf5 24.Bxg7 Rxe8 25.Nh6+ Kxg7 26.Nxf5+ 
Bxf5 {gut gespielt}  27.Rxe8 {aber jetzt (für 
mich) das ungeliebte Endspiel :-(}  Be6 {für heute 
mach ich dann mal feierabend, ciao}  28.Re7 
{Tschüss, bis spätestens Donnerstag}  Bd5 29.Rd7 
Ne2+ 30.Kf1 Bc4 31.Ke1 Ba6 32.g4 Kg6 33.f3 Nf4 
34.a4 Nd3+ 35.Kd2 Nxb2 36.Rd6+ Kg7 37.Rd4 b5 
38.axb5 Bxb5 39.f4 Nc4+ 40.Kc3 a6 41.Rd1 Ne3 
42.Ra1 Nxg4 {Ich wünsche Dir und Deiner Familie 
ein frohes neues Jahr.}  43.Kb4 {Hallo Klaus, auch 
Dir und Deiner Familie alle guten Wünsche für 
2006!}  Kf6 44.Rd1 Kf5 45.Rd4 Ne3 46.Ka5 Ng2 
47.Rd7 f6 48.Rd5+ Kxf4 49.Rd4+ Kg5 50.Rd5+ f5 
51.Rd2 Nh4 52.Rd1 f4 53.Rg1+ Kf5 54.Rf1 Bxf1 
{sorry}  0-1

[Event "HCL-E1486"]
[Site "www.playchess.de"]
[Date "2006.01.03"]
[Round "3"]
[White "mugur"]
[Black "baggur"]
[WhiteElo "2100"]
[BlackElo "1646"]
[PlyCount "63"]
[Result "1-0"]

1.e4 c5 2.Nf3 Nc6 3.d4 cxd4 4.Nxd4 Nf6 5.Nc3 e5 
6.Ndb5 d6 7.Bg5 a6 8.Na3 b5 9.Nd5 Be7 10.Bxf6 Bxf6 
11.c3 O-O 12.g3 g6 13.Bg2 Bg7 14.O-O Be6 15.Nc2 
Rc8 16.a4 f5 17.axb5 axb5 18.Bh3 Ne7 19.Nce3 Nxd5 
20.Nxd5 Rc5 21.Nb4 Qd7 22.Ra6 Rd8 23.Re1 f4 
24.Bxe6+ Qxe6 25.Qd3 Bf8 26.Rb6 Qc4 27.Qxc4+ bxc4 
28.Ra1 Rc7 29.Nd5 Rcc8 30.Ra7 Rcb8 31.Nf6+ Kh8 
32.Rxh7+ 1-0

[Event "HCL-T253"]
[Site "www.playchess.de"]
[Date "2006.01.03"]
[Round "8"]
[White "lostpawn2000"]
[Black "sparpaket"]
[WhiteElo "1194"]
[BlackElo "1535"]
[PlyCount "24"]
[Result "0-1"]

1.e4 c6 2.d4 d5 3.e5 Bf5 4.Nf3 e6 5.Be2 h6 6.O-O 
Nd7 7.Be3 c5 8.c4 Ne7 9.dxc5 dxc4 10.Bxc4 Qc7 
11.Nc3 Nxc5 12.Rc1 Rd8 0-1

[Event "HCL-M856"]
[Site "www.playchess.de"]
[Date "2006.01.03"]
[Round "6"]
[White "fjpv"]
[Black "Rustaveli"]
[WhiteElo "2232"]
[BlackElo "1789"]
[PlyCount "41"]
[Result "1-0"]

1.e4 {Saudações de Portugal. Boa sorte}  c5 
{Obrigado & boa partida!}  2.d4 cxd4 3.c3 dxc3 
{FJ, Vc é lisboeta ou do Porto?}  4.Nxc3 {lisboeta 
de nascimento e vivo a cerca de 8 Km de Lisboa. o 
meu nome é Fernando. De que parte do Brasil és?}  
Nc6 {Eu sou de Fortaleza, no Ceará. Meu avô 
materno era de Figueira da Foz, freguesia de 
Buarcos.}  5.Nf3 {conheco bem a Figueira da Foz 
assim como Buarcos. Lindos sítios. Já visitas-te 
Portugal. Eu espero para o ano visitar o Brasil 
mas os assaltos aos turistas portugueses deixou-me 
sem vontade}  d6 {Estive uma vez em Lisboa, 
somente de passagem, infelizmente. Mas ainda farei 
uma visita demorada a Portugal, temos parentes na 
Figueira da Foz. Quanto aos assaltos, isso é 
realmente lamentável, mas todos corremos riscos, 
não só os turistas.}  6.Bc4 {O que me preocupa é a 
violência com que são cometidos e a insegurança de 
algumas zonas. Em Fortaleza as estâncias 
turísticas são seguras? Infelizmente a noite 
começa também a ser insegura em Portugal, em 
algumas zonas, não permitindo ir passear à noite}  
e6 {De modo geral os pontos turísticos são 
seguros, muitos têm segurança privada. Mas a noite 
também é perigosa, principalmente nos fins de 
semana.}  7.O-O {Desde que recebemos emigrantes de 
certos países parece que a violência aumentou, 
poder ser um juízo errado mas ... reconheco que 
certas comunidades trouxeram muito de bom. 
Portugal também se transformou uma placa giratória 
do trafico de droga.}  Be7 {Essa é uma praga que 
aflige os países colonizadores... Veja o que está 
acontecendo na França. Fortaleza também se tornou 
um centro de fluxo das drogas, pela proximidade 
com a Europa/África.}  8.Qe2 {Só por curiosidade. 
Entre Rio de Janeiro e Fortaleza, qual é mais 
quente? Uma das coisas que me intriga desde miúdo 
é no Natal não ter neve ou frio, no Brasil segundo 
creio é verão, sempre me fez confusão esse facto}  
a6 {Acho que a média de FOR é mais alta, pois 
estamos bem mais próximos do Equador. Mas o Rio, 
no verão, é simplesmente insuportável (já morei 
lá) - temperaturas de mais de 40C são 
freqüentes...}  9.Rd1 {Qual é a melhor época do 
ano para visitar Fortaleza. Gosto de visitar 
lugares históricos. Costumo alugar um carro, um 
mapa e algumas informações e vou à aventura. O 
hotel só serve para dormir e descansar. Adoro 
experimentar a comida local, adoro comer.}  Qc7 
{Jan/Fev, embora haja o risco de chuvas e a cidade 
esteja literalmente lotada de turistas. Ou 
Jun/Jul, quando as coisas estão mais calmas. Se Vc 
realmente vier, avise-me com antecedência!}  
10.Bf4 {Jun/Jul parece-me melhor. Será um prazer 
conhecer-lo se pensar ir a Fortaleza no ano que 
vêm. Espero retribuir a sua oferta se alguma vez 
vier a Lisboa}  Ne5 {Então 'tá, vamos ver se dá 
certo... Como tenho uma irmã que mora na Espanha, 
quem sabe um dia eu volto por essas bandas...}  
11.Bd3 {Espanha tambem têm imensa coisa linda. Eu 
gosto muita da Galiza, meu avô é de lá. O sul 
pelas cidades e monumentos e da influência arabe 
na arquitectura}  h6 12.Rac1 Qb8 13.Bxe5 dxe5 {A 
família de minha mãe também é da Galícia, de 
Pontevedra, perto de Vigo. É realmente uma região 
muito bonita. Mas todos vieram para o Brasil ainda 
na época da colonização.}  14.Na4 {Talvez daqui a 
2 anos fazer uma volta pela Galiza, comecando 
pelas Rias Baixas passando às Rias Altas e 
acabando em Santiago de Compostela. Talvez procure 
as minhas raízes mas não é assunto que me 
preocupe. Depois irei conhecer melhor o Norte de 
Portugal}  b5 15.Rxc8+ Qxc8 16.Bxb5+ axb5 17.Qxb5+ 
Kf8 18.Nb6 Nf6 19.Nxc8 Rxc8 20.Nxe5 Nxe4 
21.Nc6 1-0

[Event "HCL-A2519"]
[Site "www.playchess.de"]
[Date "2006.01.03"]
[Round "7"]
[White "mitke"]
[Black "GED"]
[WhiteElo "1358"]
[BlackElo "1431"]
[PlyCount "62"]
[Result "0-1"]

1.e4 {hallo from Croatia}  c5 {hello from 
Liverpool, England}  2.Nf3 e6 3.d4 cxd4 4.Nxd4 d6 
5.Nc3 Nf6 6.Bg5 Be7 7.Bd3 Qb6 8.Nb3 Nc6 9.O-O O-O 
10.Kh1 Re8 11.Be3 Qd8 12.f4 b6 13.g4 Bb7 14.g5 Nd7 
15.Nd2 Nb4 16.Nf3 Nxd3 17.cxd3 f6 18.h4 Rc8 19.h5 
fxg5 20.Nxg5 Bxg5 21.fxg5 Ne5 22.Qe2 Qe7 23.Rf2 
Ref8 24.Raf1 Rxf2 25.Rxf2 Rf8 26.Rxf8+ Qxf8 27.Kg2 
Ba6 28.Nd1 Bxd3 29.Qf2 Bxe4+ 30.Kf1 Bf3 31.Nc3 
Ng4 0-1

[Event "HCL-A2542"]
[Site "www.playchess.de"]
[Date "2006.01.03"]
[Round "8"]
[White "ippuli"]
[Black "HOTSUN"]
[WhiteElo "1637"]
[BlackElo "1603"]
[PlyCount "70"]
[Result "1/2-1/2"]

1.e4 {Hi again! Good luck...}  e5 {you 2 thanks}  
2.d4 exd4 3.c3 dxc3 4.Bc4 c6 5.Nf3 {Hmmm...}  d6 
6.Qb3 Qc7 7.O-O b5 8.Bd3 cxb2 9.Bxb2 f6 10.a4 Qf7 
11.Qxf7+ Kxf7 12.axb5 Ne7 13.bxc6 Nbxc6 14.Bc4+ 
Be6 15.Bxe6+ Kxe6 16.Nc3 g6 17.Nd5 Nxd5 18.exd5+ 
Kxd5 19.Bxf6 Rg8 20.Rfd1+ Ke6 21.Bc3 h6 22.Ra6 Nb8 
23.Nd4+ Kf7 24.Ra4 Bg7 25.Nb5 Bxc3 26.Nxc3 Nd7 
27.Rxd6 Nb6 28.Rf4+ Kg7 29.h4 Rad8 30.Rfd4 Rxd6 
31.Rxd6 Rf8 32.Nd5 Nxd5 33.Rxd5 Rf5 34.Rd7+ Rf7 
35.Rd6 Rf6 {(offering draw)}  1/2-1/2

[Event "HCL-E1530"]
[Site "www.playchess.de"]
[Date "2006.01.03"]
[Round "10"]
[White "hakam_kilani"]
[Black "Tarrega"]
[WhiteElo "2000"]
[BlackElo "1559"]
[PlyCount "58"]
[Result "0-1"]

1.e4 e6 {howdy pardner}  2.d4 d5 {not much for 
talk, huh? I'll leave you alone then}  3.e5 c5 
4.c3 Nc6 5.Nf3 Qb6 6.Bd3 cxd4 7.cxd4 Bd7 8.Bc2 Nb4 
9.Ba4 Qa6 10.Bxd7+ Kxd7 11.Be3 Nd3+ 12.Kd2 Nxb2 
13.Qb3 Nc4+ 14.Kd1 Rc8 15.Nbd2 Nxe3+ 16.fxe3 Ne7 
17.Rc1 Rxc1+ 18.Kxc1 Nc6 19.Kb2 Be7 20.Rb1 Rc8 
21.Ka1 Na5 22.Qa4+ Nc6 23.Qb3 Bb4 24.Nf1 Qa5 
25.Rc1 Nxd4 26.Nxd4 Rxc1+ 27.Kb2 Rxf1 28.a3 Rf2+ 
29.Nc2 Qxa3+ 0-1

[Event "HCL-C3969"]
[Site "www.playchess.de"]
[Date "2006.01.03"]
[Round "1"]
[White "spencer"]
[Black "Prometheus"]
[WhiteElo "992"]
[BlackElo "1100"]
[PlyCount "64"]
[Result "0-1"]

1.e4 c5 2.e5 Nc6 3.f4 d6 4.exd6 Qxd6 5.Bc4 Qxf4 
6.Qf3 Qxc4 7.d3 Qxc2 8.Qd1 Nb4 9.a3 Qxc1 10.axb4 
Qxb2 11.Nd2 Qxb4 12.Ra4 Qb6 13.Nc4 Qc6 14.Na5 Qxg2 
15.d4 Qxh1 16.Kf2 b6 17.dxc5 bxa5 18.Rd4 Bb7 
19.Qa4+ Bc6 20.Qd1 Qg2+ 21.Ke3 e5 22.Rd2 Bxc5+ 
23.Kd3 Bxg1 24.Qe1 Rd8+ 25.Kc3 Qf3+ 26.Kc2 Ba4+ 
27.Kb1 Qb3+ 28.Rb2 Qd3+ 29.Ka2 Bd4 30.Qxa5 Qc4+ 
31.Kb1 Bxb2 32.Kxb2 Qb3+ 0-1